Beberapa kissah. (Record no. 71632)

MARC details
000 -LEADER
fixed length control field 00505cam a22002051 4500
001 - CONTROL NUMBER
control field sa 66008077
003 - CONTROL NUMBER IDENTIFIER
control field DLC
005 - DATE AND TIME OF LATEST TRANSACTION
control field 20260227112310.0
008 - FIXED-LENGTH DATA ELEMENTS--GENERAL INFORMATION
fixed length control field 890514r1964uuuuio 000 0 dut
010 ## - LIBRARY OF CONGRESS CONTROL NUMBER
LC control number sa 66008077
035 ## - SYSTEM CONTROL NUMBER
System control number (OCoLC)23396551
040 ## - CATALOGING SOURCE
Original cataloging agency DLC
Transcribing agency MiU
Modifying agency DLC
042 ## - AUTHENTICATION CODE
Authentication code premarc
050 00 - LIBRARY OF CONGRESS CALL NUMBER
Classification number PL5089.J8
Item number B4 1964
100 1# - MAIN ENTRY--PERSONAL NAME
Personal name Yunus, Mahmud,
Dates associated with a name 1899-1982.
245 10 - TITLE STATEMENT
Title Beberapa kissah.
250 ## - EDITION STATEMENT
Edition statement Tjet. 7.
260 ## - PUBLICATION, DISTRIBUTION, ETC.
Place of publication, distribution, etc. Djakarta,
Name of publisher, distributor, etc. al-Hidajah,
Date of publication, distribution, etc. 1964.
300 ## - PHYSICAL DESCRIPTION
Extent 32 p.
Dimensions 18 cm.

No items available.

Powered by Koha